000 00530nam a2200205Ia 4500
005 20260429112100.0
008 260429s9999||||xx |||||||||||||| ||und||
020 _a9788126941353
041 _aEnglish
082 _a158.1
_bARO
100 _aArora, Nishi
245 0 _aOvercome the fear of exams and achieve success /
_cNishi Arora
250 _a1st ed.
260 _aNew Delhi :
_bStorydea Publishing,
_c2025.
300 _axxii, 338 p.; pbk
650 _a Fear
650 _a Success
650 _aExams
942 _cTB
999 _c52256
_d52256